<?xml version="1.0" encoding="UTF-8"?>
<record
    xmlns:xsi="http://www.w3.org/2001/XMLSchema-instance"
    xsi:schemaLocation="http://www.loc.gov/MARC21/slim http://www.loc.gov/standards/marcxml/schema/MARC21slim.xsd"
    xmlns="http://www.loc.gov/MARC21/slim">

  <leader>00935nam a2200253 a 4500</leader>
  <controlfield tag="001">34328</controlfield>
  <controlfield tag="003">BD-RjUL</controlfield>
  <controlfield tag="005">20211209052136.0</controlfield>
  <controlfield tag="008">140515s1965    pk           f00000 eng d</controlfield>
  <datafield tag="035" ind1=" " ind2=" ">
    <subfield code="a">(BD-RjUL)34422</subfield>
  </datafield>
  <datafield tag="040" ind1=" " ind2=" ">
    <subfield code="a">XDHM</subfield>
    <subfield code="c">XDHM</subfield>
    <subfield code="b">eng</subfield>
    <subfield code="d">BD-RjUL</subfield>
  </datafield>
  <datafield tag="041" ind1=" " ind2=" ">
    <subfield code="a">eng</subfield>
  </datafield>
  <datafield tag="082" ind1="0" ind2="0">
    <subfield code="a">361.109549</subfield>
    <subfield code="2">21</subfield>
    <subfield code="b">PAR 1965</subfield>
  </datafield>
  <datafield tag="110" ind1="1" ind2="0">
    <subfield code="a">Pakistan.</subfield>
    <subfield code="b">Commission for the Eradication of Social Evils.</subfield>
    <subfield code="9">104387</subfield>
  </datafield>
  <datafield tag="245" ind1="1" ind2="0">
    <subfield code="a">Report of the Commission for Eradication of Social Evils /</subfield>
    <subfield code="c">Pakistan.Commission for the Eradication of Social Evils.</subfield>
  </datafield>
  <datafield tag="260" ind1=" " ind2=" ">
    <subfield code="a">Karachi :</subfield>
    <subfield code="b">Ministry of Health, Labour &amp; Social Welfare,</subfield>
    <subfield code="c">1965.</subfield>
  </datafield>
  <datafield tag="300" ind1=" " ind2=" ">
    <subfield code="a">vi, 102 p. ;</subfield>
    <subfield code="c">21 cm.</subfield>
  </datafield>
  <datafield tag="500" ind1=" " ind2=" ">
    <subfield code="a">Chairman: A.B.A. Haleem.</subfield>
  </datafield>
  <datafield tag="650" ind1=" " ind2="0">
    <subfield code="a">Social problems</subfield>
    <subfield code="x">Prevention.</subfield>
    <subfield code="9">104388</subfield>
  </datafield>
  <datafield tag="651" ind1=" " ind2="0">
    <subfield code="a">Pakistan</subfield>
    <subfield code="x">Social conditions.</subfield>
    <subfield code="9">104389</subfield>
  </datafield>
  <datafield tag="700" ind1="1" ind2=" ">
    <subfield code="a">Haleem, A. B. A.</subfield>
    <subfield code="9">104390</subfield>
  </datafield>
  <datafield tag="710" ind1="1" ind2=" ">
    <subfield code="a">Pakistan.</subfield>
    <subfield code="b">Ministry of Health, Labour, and Social Welfare.</subfield>
    <subfield code="9">104391</subfield>
  </datafield>
  <datafield tag="942" ind1=" " ind2=" ">
    <subfield code="2">ddc</subfield>
    <subfield code="c">BK</subfield>
  </datafield>
  <datafield tag="999" ind1=" " ind2=" ">
    <subfield code="c">34328</subfield>
    <subfield code="d">34328</subfield>
  </datafield>
  <datafield tag="952" ind1=" " ind2=" ">
    <subfield code="0">0</subfield>
    <subfield code="1">0</subfield>
    <subfield code="2">ddc</subfield>
    <subfield code="4">0</subfield>
    <subfield code="7">1</subfield>
    <subfield code="8">NFIC</subfield>
    <subfield code="a">RUCL</subfield>
    <subfield code="b">RUCL</subfield>
    <subfield code="c">Reading</subfield>
    <subfield code="d">1967-09-20</subfield>
    <subfield code="e">Mohiuddin and sons, Dacca.</subfield>
    <subfield code="g">2.62</subfield>
    <subfield code="l">0</subfield>
    <subfield code="o">361.109549 PAR 1965</subfield>
    <subfield code="r">2014-05-15 00:00:00</subfield>
    <subfield code="t">C-1</subfield>
    <subfield code="w">2014-05-15</subfield>
    <subfield code="y">BK</subfield>
  </datafield>
  <datafield tag="952" ind1=" " ind2=" ">
    <subfield code="0">0</subfield>
    <subfield code="1">0</subfield>
    <subfield code="2">ddc</subfield>
    <subfield code="4">0</subfield>
    <subfield code="7">0</subfield>
    <subfield code="8">NFIC</subfield>
    <subfield code="a">RUCL</subfield>
    <subfield code="b">RUCL</subfield>
    <subfield code="c">Stack</subfield>
    <subfield code="d">1967-09-20</subfield>
    <subfield code="e">Mohiuddin and sons, Dacca.</subfield>
    <subfield code="g">2.62</subfield>
    <subfield code="l">0</subfield>
    <subfield code="o">361.109549 PAR 1965</subfield>
    <subfield code="r">2014-05-15 00:00:00</subfield>
    <subfield code="t">C-2</subfield>
    <subfield code="w">2014-05-15</subfield>
    <subfield code="y">BK</subfield>
  </datafield>
  <datafield tag="952" ind1=" " ind2=" ">
    <subfield code="0">0</subfield>
    <subfield code="1">0</subfield>
    <subfield code="2">ddc</subfield>
    <subfield code="4">0</subfield>
    <subfield code="7">0</subfield>
    <subfield code="8">NFIC</subfield>
    <subfield code="a">RUCL</subfield>
    <subfield code="b">RUCL</subfield>
    <subfield code="c">Stack</subfield>
    <subfield code="d">1967-04-08</subfield>
    <subfield code="e">Pakistan law house</subfield>
    <subfield code="g">2.62</subfield>
    <subfield code="l">0</subfield>
    <subfield code="o">361.109549 PAR 1965</subfield>
    <subfield code="r">2014-05-15 00:00:00</subfield>
    <subfield code="t">C-3</subfield>
    <subfield code="w">2014-05-15</subfield>
    <subfield code="y">BK</subfield>
  </datafield>
  <datafield tag="952" ind1=" " ind2=" ">
    <subfield code="0">0</subfield>
    <subfield code="1">0</subfield>
    <subfield code="2">ddc</subfield>
    <subfield code="4">0</subfield>
    <subfield code="7">0</subfield>
    <subfield code="8">NFIC</subfield>
    <subfield code="a">RUCL</subfield>
    <subfield code="b">RUCL</subfield>
    <subfield code="c">Stack</subfield>
    <subfield code="d">1967-09-20</subfield>
    <subfield code="e">Mohamaddin and Sons</subfield>
    <subfield code="g">2.62</subfield>
    <subfield code="l">0</subfield>
    <subfield code="o">361.109549 PAR 1965</subfield>
    <subfield code="r">2014-05-15 00:00:00</subfield>
    <subfield code="t">C-3</subfield>
    <subfield code="w">2014-05-15</subfield>
    <subfield code="y">BK</subfield>
  </datafield>
  <datafield tag="952" ind1=" " ind2=" ">
    <subfield code="0">0</subfield>
    <subfield code="1">0</subfield>
    <subfield code="2">ddc</subfield>
    <subfield code="4">0</subfield>
    <subfield code="7">0</subfield>
    <subfield code="8">NFIC</subfield>
    <subfield code="a">RUCL</subfield>
    <subfield code="b">RUCL</subfield>
    <subfield code="c">Stack</subfield>
    <subfield code="d">1967-09-20</subfield>
    <subfield code="e">New Mohiuddin And Sons</subfield>
    <subfield code="g">2.63</subfield>
    <subfield code="l">0</subfield>
    <subfield code="o">361.109549 PAR 1965</subfield>
    <subfield code="r">2014-06-24 00:00:00</subfield>
    <subfield code="t">C-5</subfield>
    <subfield code="w">2014-06-24</subfield>
    <subfield code="y">BK</subfield>
  </datafield>
  <datafield tag="952" ind1=" " ind2=" ">
    <subfield code="0">0</subfield>
    <subfield code="1">0</subfield>
    <subfield code="2">ddc</subfield>
    <subfield code="4">0</subfield>
    <subfield code="7">0</subfield>
    <subfield code="8">NFIC</subfield>
    <subfield code="a">RUCL</subfield>
    <subfield code="b">RUCL</subfield>
    <subfield code="c">Stack</subfield>
    <subfield code="d">1967-04-08</subfield>
    <subfield code="e">Pak. law house</subfield>
    <subfield code="g">2.62</subfield>
    <subfield code="l">0</subfield>
    <subfield code="o">361.109549 PAR 1965</subfield>
    <subfield code="r">2017-01-30 00:00:00</subfield>
    <subfield code="t">C-6</subfield>
    <subfield code="w">2017-01-30</subfield>
    <subfield code="y">BK</subfield>
  </datafield>
</record>
